00342 2200145 4500245005800000250001100058100002000069650001700089650001600106005001900122260001800141041001400159084001400173336000900187 aSaya Juga Punya Cerita SendiricAchmad ZulfahmihText aCet. 1 aAchmad Zulfahmi aAutobiografi aKarya Siswa a20250522103818 aJakartac2025 aIndonesia a081 ACH s atext